Victorians - Sudden Death - Statistics

General Stats
  • This quiz has been taken 102 times
  • The average score is 4 of 18
Answers on the Grid
Answers color-coded by a green-red scale on the quiz's grid according to % correct below.
Thomas Edison
Jane Austen
Horatio Nelson
Charles Dickens
Adam Smith
Winston Churchill
Voltaire
Juan Perón
Benjamin Franklin
Dwight D. Eisenhower
Toussaint Louverture
Sylvia Plath
Napoleon Bonaparte
Charlotte Brontë
Andy Warhol
Adolf Hitler
Rudyard Kipling
Louis Armstrong
J. Robert Oppenheimer
Benjamin Disraeli
Kim Il-Sung
Jawaharlal Nehru
Shaka Zulu
Charles de Gaulle
Isaac Newton
Ludwig van Beethoven
Robert Mugabe
Pablo Picasso
Nikita Khrushchev
Hirohito
Mao Zedong
Karl Marx
Clara Schumann
Thomas Jefferson
Vincent Van Gogh
Isambard Kingdom Brunel
 
Answer Stats
Answer % Correct
Charles Dickens
70%
Thomas Edison
58%
Benjamin Disraeli
36%
Rudyard Kipling
32%
Karl Marx
30%
Vincent Van Gogh
30%
Winston Churchill
30%
Adolf Hitler
26%
Charlotte Brontë
22%
Isambard Kingdom Brunel
18%
Pablo Picasso
14%
Dwight D. Eisenhower
12%
Clara Schumann
10%
Juan Perón
4%
Charles de Gaulle
2%
Mao Zedong
2%
Nikita Khrushchev
2%
Jawaharlal Nehru
0%
No matching quizzes found
Score Distribution
Percent of People with Each Score
Percentile by Number Answered
Your Score History
You have not taken this quiz